La dynastie Lagide - Statistiques

Statistiques générales
  • Ce quiz a été pris 19 fois
  • Le résultat moyen est 6 sur 13
Statistiques - réponses
Questions : Réponse % Correct
Quelle est la capitale fondée par Alexandre le Grand en 332 av J.-C ? Alexandrie
100%
Quelle reine est emblématique de l'Empire lagide, ayant séduit Jules César dans le but de redresser l'Empire au Ier siècle ? Cléopâtre VII
100%
Où s'instaure le royaume de Ptolémée, diadoque d'Alexandre ? Egypte
90%
Comment s'appelle le père de Ptolémée donnant son nom à la dynastie ? Lagos
80%
Quelle bataille entraine la fin de l'Empire Lagide et entrainant la création d'une province romaine ? Actium
70%
Comment se nomme les provinces administratives ? Nome
50%
Qu'instaure les Romains en Egypte à partir du IIème siècle ? Protectorat
40%
De combien d'ouvrages la Bibliothèque était elle composée ? 500 000
30%
Quel type de puissance militaire les lagides instaure t-il ? Thalassocratie
30%
De quoi l'Egypte est-elle très fortement pourvu ? Cela a entrainé une surévaluation de la valeur monétaire Banque
0%
Comment se nomme la fonction administrative à la tête de l'administration royale ? Dioecète
0%
Contre qui, les lagides se battent ils principalement au IIIème siècle, dans le but de freiner la puissance d'un autre diadoque ? Macédoine
0%
Quel oasis est resté célèbre en ce qu'il constitue un front pionnier avec de nombreuses banques au abord de la vallée du Nil ? Oasis de Fayoum
0%
Aucun quiz correspondant
Distribution des résultats
% des personnes avec chaque résultat
Percentile par nombre de réponses
Votre historique - résultats
Vous n’avez pas pris ce quiz